Homebody/Kabul (Record no. 110515)
[ view plain ]
| 000 -LEADER | |
|---|---|
| fixed length control field | 01262nam a2200325 a 4500 |
| 082 04 - DEWEY DECIMAL CLASSIFICATION NUMBER | |
| Classification number | 812/.54 |
| 100 1# - MAIN ENTRY--AUTHOR NAME | |
| Personal name | Kushner, Tony. |
| 245 10 - TITLE STATEMENT | |
| Title | Homebody/Kabul |
| 250 ## - EDITION STATEMENT | |
| Edition statement | Rev. version. |
| 260 ## - PUBLICATION, DISTRIBUTION, ETC. (IMPRINT) | |
| Place of publication | New York : |
| Name of publisher | Theatre Communications Group ; St. Paul, MN : |
| -- | Distributed to the book trade by Consortium Book Sales and Distribution, |
| Year of publication | 2004. |
| 300 ## - PHYSICAL DESCRIPTION | |
| Number of Pages | xvi, 149 p. |
| 650 #0 - SUBJECT ADDED ENTRY--TOPICAL TERM | |
| Topical Term | British |
| Topical Term | Missing persons |
| 856 40 - ELECTRONIC LOCATION AND ACCESS | |
| Uniform Resource Identifier | http://site.ebrary.com/lib/rucke/Doc?id=10364679 |
No items available.
